000 00717nam a2200205 a 4500
001 21131
003 CO-ViMGA
008 141112s2004 ck r 000 u spa d
040 _aCO-ViMGA
_bspa
_cCO-ViMGA
082 0 4 _a657 E771 2007
245 1 0 _aEstatuto de la profesión de contador público. Reglamento general de la contabilidad. Plan único de cuentas para comerciantes
250 _a15
260 _aBogotá :
_bLegis,
_c2007
300 _a367p.+ CD - ROM
590 _aForma de adquisición : Compra Legis, 2007 - - Precio :
_32.000
650 1 4 _aCONTABILIDAD - LEGISLACION - COLOMBIA
_915118
650 1 4 _aCONTADORES - LEGISLACIóN - COLOMBIA
_930218
650 1 4 _aPLAN UNICO DE CUENTAS
942 _2ddc
_cBK
999 _c29837
_d29837